000 01244nam a22002417a 4500
005 20150701085951.0
008 150701b2007 ck ||||| |||| 00| 0 spa d
040 _aCO-BoIAVH
_cCO-BoIAVH
041 _aspa
044 _ack
090 _aAR
_b01886
100 1 _aGonzález, Carlos Eduardo
_935079
245 1 _aEstudio de las plantas de la Serranía de los Churumbelos
_bCarlos Eduardo González
260 3 _aBogotá:
_bProaves,
_c2007.
300 _aAño 2007, Nro 3, Agosto, Pag. 18-28.
500 _aIncluye inventario de Flora de la Serranía de los Churumbelos (Pag. 27-28).
504 _aIncluye referencias bibliográficas (Pag. 26).
520 _aCon el fin de entender la variación en diversidad y composición florística en un gradiente andino-amazónico se llevo a cabo una evaluación rápida por medio de inventarios florísticos generales realizados a lo largo de un gradiente altitudinal entre 350-700 m al sur-occidente de Colombia en la Serranía de los Churumbelos.
650 4 _aFlora
_xInvestigación
_zRegión Andina
_935080
650 4 _aFlora
_xCaraterización
_zRegión Andina
_935081
773 0 _dBogotá : Fundación ProAves, 2006-
_o038447
_tRevista Conservación Colombiana
_x19001592
942 _2z
_cARTICULO
999 _c17503
_d17503